Bratislava 1939 - 1945 : mier a vojna v meste

Guardado en:
Detalles Bibliográficos
Autor principal: Kováč, Dušan (Autor)
Formato: Libro
Publicado: Bratislava : Albert Marenčin - Vydavateľstvo PT, 2006
Materias:
Etiquetas: Agregar Etiqueta
Sin Etiquetas, Sea el primero en etiquetar este registro!

MARC

LEADER 00000nam a22000003a 4500
001 stu142467
005 20150617225928.9
008 070618s2006----------------------------d
020 |a 80-89218-29-6 
040 |a STU  |b slo 
041 0
100 1 |a Kováč, Dušan  |4 aut 
245 1 |a Bratislava 1939 - 1945 :  |b mier a vojna v meste 
260 |a Bratislava :  |b Albert Marenčin - Vydavateľstvo PT,  |c 2006 
300 |a 189 s 
650 7 |a história bratislavská  |2 stusub 
650 7 |a Bratislava  |2 stusub 
996 |b 284AU03529  |c A*5359 U  |l AAKNAR  |s A  |a 24  |w stu142467_0001